Responses for Show #5591 - Monday, December 22, 2008

Jim Stevens game 1.

Contestants

[<< previous game]

Kristin Schleicher, a graduate student from Cambridge, Massachusetts

Jim Stevens, a math teacher from Fairview Park, Ohio

Milt Hathaway, a high school librarian originally from Newport, Rhode Island (whose 2-day cash winnings total $70,002)

[next game >>]

Jeopardy! Round responses

MOVIE MUSICALS
HELLO, DALI
PAINT YOUR WAGON
AHH, LIVER!
THE SOUND OF MUSIC
SIGNING IN THE REIGN
    $200 6
WALL-E

Milt
    $200 1
a mustache

Milt
    $200 20
red

Jim
    $200 15
cirrhosis

Kristin
    $200 11
a funeral

Milt
    $200 26
(Alex: Yes, "Aloha ʻOe".)

Hawaii

Jim
    $400 7
"My Favorite Things"

Jim
    $400 2
Surrealism

Kristin
    $400 21
green

Milt
    $400 16
clot

Jim
    $400 12
harmony

Jim
    $400 27
John

Jim
    $600 8
(Kristin: Who is Fred Astaire?)

Gene Kelly

Kristin
Triple Stumper
    $600 3
(Milt: Who is Renoir?)

Alfred Hitchcock

MiltJim
    $600 22
grey

Kristin
    $600 17
the small intestine

Jim
    $600 13
falsetto

Jim
    $600 28
Morocco

Milt
    $800 9
(Milt: Who is Oliver Twist?)
...
(Alex: We're going for the song. It's [*].)

"Food, Glorious Food"

Milt
Triple Stumper
    $800 4
[Milt gave both listed responses.]

watches (or clocks)

Milt
    $800 23
blue

Milt
    $800 18
(Milt: What is cartilage?)

ligaments

MiltJim
    $800 14
a glissando

Triple Stumper
    $800 29
Mrs. Simpson

Milt
    $1000 10
Lee Marvin

Jim
    $1000 5
(Milt: Who is King Carlos of Spain?)

King Juan Carlos of Spain

MiltJim
    $1000 24
a hearse

Jim
    $1000 19
the gallbladder

Milt
    $2,000 25
(Jim: What is dulce?)
(Alex: You came up with a more, uh, Latin or Italian-sounding word. It's [*].)

dulcet

Jim
    $1000 30
(Kristin: What is Abu Dhabi?)
[ERRATUM: The capital of the UAE is Abu Dhabi, not Dubai, making for a very confusing clue for Kristin.]

the United Arab Emirates

Kristin
Triple Stumper

Scores at the first commercial break (after clue 14):

Milt Jim Kristin
-$1,000 $4,000 -$200

Scores at the end of the Jeopardy! Round:

Milt Jim Kristin
$1,800 $5,600 -$400

Double Jeopardy! Round responses

SCIENCE & NATURE
SPORTS VENUE NICKNAMES
COUNTRIES BY CITIES
WAXING POETIC
I THINK WE'RE ALONE NOW
"AE"-NCIENT CROSSWORD CLUES
    $400 2
rings

Jim
    $400 25
the Indianapolis Motor Speedway

Jim
    $400 7
[ERRATUM: Barranquilla should be spelled correctly, as Alex pronounced it.]

Colombia

Milt
    $400 12
Shakespeare

Milt
    $400 17
the Eagle (lunar module)

Jim
    $400 1
Aesop

Jim
    $800 3
the Ice Age

Milt
    $800 26
LSU

Milt
    $800 8
Belgium

Jim
    $800 13
my candle

Jim
    $800 22
the Tonkin Gulf Resolution

Jim
    $800 18
the Aeneid

Milt
    $1200 4
(Milt: What is uh, hy-, what is hydros-, what is [*]? What is [*]?)
(Alex: [Laughing] You're right, but the way you started, "What is hydro?", I'm thinking he's going for hydrochloric acid. "What is hydro-, hy-, uh, [*]!" Thank you very much.)

sulfuric acid

Milt
    $1200 28
(Milt: What is Fenway Park?)
...
[The end-of-round signal sounds.]

Turner Field

Milt
Triple Stumper
    $1200 9
Egypt

Milt
    $4,000 14
Napoleon

Jim
    $1200 23
(Tenzing) Norgay

Jim
    $1200 19
the Aegean

Kristin
    $1600 5
mass

Milt
    $1600 10
(Milt: What is Saudi Arabia?)

Afghanistan

Milt
Triple Stumper
    $1600 15
T.S. Eliot

Milt
    $1600 24
The Count of Monte Cristo

Jim
    $1600 20
aesthetics

Jim
    $2,500 6
linear

Milt
    $2000 11
Sri Lanka

Triple Stumper
    $2000 16
John Greenleaf Whittier

Triple Stumper
    $2000 27
(Jim: What is the dodo?)

the passenger pigeon

MiltJim
    $2000 21
Aeschylus

Milt

Scores at the end of the Double Jeopardy! Round:

Milt Jim Kristin
$14,300 $16,000 $800

[wagering suggestions for these scores]

Final Jeopardy! Round responses

ALMA MATERS
KristinWhat is Tufts?
$200
MiltWhat is Brigham Young University?
$14,300
JimWhat is BYU?
$12,601
BYU (Brigham Young University)

Final scores:

Milt Jim Kristin
$28,600 $28,601 $600
2nd place: $2,000 New champion: $28,601 3rd place: $1,000

Game dynamics:

Coryat scores:

Milt Jim Kristin
$13,800 $15,200 $800
21 R
(including 1 DD),
6 W
24 R
(including 1 DD),
2 W
(including 1 DD)
4 R,
2 W

Combined Coryat: $29,800

[game clues] [game scores] [suggest correction]

Game tape date: 2008-10-21
The J! Archive is created by fans, for fans. Scraping, republication, monetization, and malicious use prohibited; this site may use cookies and collect identifying information. See terms. The Jeopardy! game show and all elements thereof, including but not limited to copyright and trademark thereto, are the property of Jeopardy Productions, Inc. and are protected under law. This website is not affiliated with, sponsored by, or operated by Jeopardy Productions, Inc. Join the discussion at JBoard.tv.